Monthayam kathunna veedu/ (Record no. 29366)

000 -LEADER
fixed length control field 00387nam a22001451a 4500
082 ## - DEWEY DECIMAL CLASSIFICATION NUMBER
Classification number M301
Item number MOI/M
100 ## - MAIN ENTRY--PERSONAL NAME
Personal name Moidu Vanimel
9 (RLIN) 141013
245 ## - TITLE STATEMENT
Title Monthayam kathunna veedu/
Statement of responsibility, etc. by Moidu Vanimel
260 ## - PUBLICATION, DISTRIBUTION, ETC.
Place of publication, distribution, etc. Ariyannur:
Name of publisher, distributor, etc. Patabhedam,
Date of publication, distribution, etc.
300 ## - PHYSICAL DESCRIPTION
Extent 90p.
650 ## - SUBJECT ADDED ENTRY--TOPICAL TERM
Topical term or geographic name entry element Stories Malayalam
9 (RLIN) 141014
650 ## - SUBJECT ADDED ENTRY--TOPICAL TERM
Topical term or geographic name entry element Literature Malayalam
9 (RLIN) 141015
650 ## - SUBJECT ADDED ENTRY--TOPICAL TERM
Topical term or geographic name entry element Literature
9 (RLIN) 141016
942 ## - ADDED ENTRY ELEMENTS (KOHA)
Koha item type Book
Holdings
Withdrawn status Lost status Damaged status Not for loan Permanent Location Current Location Date acquired Cost, normal purchase price Total Checkouts Full call number Barcode Date last seen Cost, replacement price Price effective from Koha item type
        Sree Sankaracharya University of Sanskrit Sree Sankaracharya University of Sanskrit 08.01.2015 24.00   M301 MOI/M 016009 08.01.2015 0.00 08.01.2015 Book
        Sree Sankaracharya University of Sanskrit Sree Sankaracharya University of Sanskrit 08.01.2015 24.00   M301 MOI/M 019082 08.01.2015 0.00 08.01.2015 Book